00964nam a22002655a 450000500170000000800410001702000180005804000280007608200200010410000280012424500940015225000120024626000660025830000320032450000240035650400310038065000280041165000280043965100100046765300370047770000160051494200080053099900170053895201430055520201128021528.0150819s2014 maua frb 001 0 eng d a9780128008584 aEG-ScBUEbengcEG-ScBUE04222a620.11bINA1 aInagaki, Michio.938764 aMaterials science and engineering of carbon :bfundamentals /cMichio Inagak, Feiyu Kang. a2nd ed. aWaltham :aOxford ;bButterworth-Heinemann / Elsevier,c2014. axi, 539 p. :bill ;c27 cm. aIndex : p. 527-539. aBibliography : p. 505-525. 2BUEshaCarbon compounds 791256aMaterials.2BUEsh 2BUEsh bENGGENcAugust2015cNovember20151 aKang, Feiyu 2ddc c20664d20636 00102ddc40708BaccahaMAINbMAINc1STd2015-08-24ePurchaseg1034.00h21761l0o620.11 INAp000039035r2025-07-15 00:00:00v1293.00yBB